000 nam a22 7a 4500
999 _c51809
_d51809
003 OSt
005 20220510110316.0
008 220510b xxu||||| |||| 00| 0 eng d
040 _csero soft
100 _aAhmad Aqil
245 _aMohammedan Law
260 _aAllahabad
_bCentral Law Agency
300 _a442
942 _2ddc
_c02